عرض عادي
عرض مارك
- Kwantitatieve methoden.
مدخل مصطلح موضوعي
001 - رقم الضبط
- حقل الضبط: 18803
003 - معرف رقم الضبط
- حقل الضبط: OSt
005 - تاريخ ووقت أخر عملية
- حقل الضبط: 20121227110904.0
008 - عناصر بيانات ثابتة الطول
- حقل تحكم ثابت الطول: 121227|||a|||||| | ||| d
040 ## - مصدر الفهرسة
- هيئة الفهرسة الأصلية: OSt
- وكالة الكتابة: OSt
150 ## - مدخل-- مصطلح تاريخي
- عنصر مدخل المصطلح الموضوعي او الاسم الجغرافي: Kwantitatieve methoden.
670 ## - بيانات المصدر موجوده
- الاستشهاد بالمصدر: Work cat.: (OSt)0: Wolberg, John R. 18802, Designing quantitative experiments :, c2010.
